Statystyki dla 6 Najpopularniejszych sportów w Polsce

Kliknij tutaj aby rozwiązać quiz!

Ogólne statystyki

  • Ten quiz został rozwiązany 200 razy
  • Średni wynik to 5 z 6

Statystyki odpowiedzi

HintOdpowiedź% Poprawnych
1. Robert LewandowskiPiłka Nożna
99%
2.Kamil StochSkoki Narciarskie
96%
6. Iga świątekTenis
96%
3. Bartosz KurekSiatkówka
92%
5. Sławomir SzmalPiłka Ręczna
69%
4. Anita WłodarczykLekkoatletyka
58%

Rozkład punktacji

Percentyl według liczby udzielonych odpowiedzi

Procent ludzi z każdym wynikiem

Twoja historia wyników

Nie rozwiązałeś tego quizu